01349nab a22002537a 4500999001500000003000400015005001700019008004100036040000700077100002900084245014500113260007300258300001500331500007100346505030000417505008900717650003500806650003000841650002000871650001800891650003500909773013800944942001301082 c5645d5645OSt20251226212727.0190603e xxum|||| |||| 00| 0 spa d cPJ 96455aLinovich, Jonathan10aJurisprudencia destacada en "Créditos, privilegios y sobreendeudamiento: nuevas miradas sobre el derecho concursal" /cJonathan Linovich.  cCiudad Autónoma de Buenos Aires :aThomson Reuters La Ley, b2025. ap. 128-129 aCita: TR LALEY AR/DOC/1044/2025 Publicado en: RCCyC 2025 (junio). aSumario: I. Atribución del uso de la vivienda y quiebra del excónyuge.— II. Pequeño concurso.— III. Gastos y honorarios en proceso de quiebra.— IV. Pequeña quiebra.— V. Beneficio de litigar sin gastos.— VI. Inejecutabilidad de inmueble en la quiebra.— VII. Convenio OIT 173.  t¿Te interesa el texto completo? Solicitalo al correo: koha@justierradelfuego.gov.ar 091497aCODIGO CIVIL Y COMERCIAL 091753aCONCURSO PREVENTIVO 091737aCONCURSOS 0aQUIEBRA91739 0aJURISPRUDENCIA APLICABLE910570 0271393170dCiudad Autónoma de Buenos Aires : Thomson Reuters La Ley, 2015-tRevista Código Civil y Comercial. Nº 3 - Junio 2025 2udccANA